| 000 | 00668nam a2200241Ia 4500 | ||
|---|---|---|---|
| 003 | OSt | ||
| 005 | 20220918175337.0 | ||
| 006 | a|||||r|||| 00| 0 | ||
| 007 | ta | ||
| 008 | 220917b |||||||| |||| 00| 0 eng d | ||
| 024 | _a16,664 | ||
| 037 | _cTextual | ||
| 040 |
_aARTS _cARTS _beng |
||
| 041 |
_2eng _aeng |
||
| 082 | _aO:1L70:1, J6;2 (TTO) | ||
| 100 | _aWordsworth William | ||
| 245 | 0 | _aPrelude or growth of a poet's mind ed by Ernest De Selincourt | |
| 260 | _c1956 | ||
| 490 | _aOxford standard authors | ||
| 650 | _aENGLISH LITERATURE | ||
| 942 |
_hO:1L70:1, J6;2 (TTO) _cTEXL _2CC |
||
| 999 |
_c157040 _d157040 |
||